Tous les personnages possédant un D dans One Piece en 30 secondes - Statistiques

Statistiques générales
  • Ce quiz a été pris 73 fois
  • Le résultat moyen est 10 sur 16
Statistiques - réponses
Personnage % Correct
Monkey D Luffy
100%
Monkey D Dragon
89%
Monkey D Garp
89%
Marshall D Teach
87%
Gol D Roger
84%
Portgas D Ace
82%
Trafalgar D Water Law
82%
Rocks D Xebec
74%
Portgas D Rouge
66%
Nefertari Vivi
63%
Haguard D Sauro
61%
Nefertari Cobra
61%
Trafalgar D Water Lamy
45%
Claw D Clover
26%
Davy D Jones
16%
Nefertari D Lillie
13%
Aucun quiz correspondant
Distribution des résultats
% des personnes avec chaque résultat
Percentile par nombre de réponses
Votre historique - résultats
Vous n’avez pas pris ce quiz